000 00467nam a2200193Ia 4500
003 OSt
005 20230323145909.0
008 210210b1986 xxu||||| |||| 00| 0 eng d
040 _cAL
041 _aEnglish
082 _a301 VIDI
100 _aVIDYA BHUSHAN & SACHDEVA (D R).
_977051
245 _aIntroduction to sociology.
260 _aAllahabad
_bKitab mahal
_c1986
300 _axiv,736
690 _aSociology
_977052
906 _a038327
942 _2ddc
_cBK
999 _c88291
_d88291